Tayc-PVI - Statistiques

Statistiques générales
  • Ce quiz a été pris 55 fois
  • Le résultat moyen est 238 sur 310
Statistiques - réponses
Réponse % Correct
je
100%
me
95%
PVI
95%
a
93%
dans
93%
a
93%
la
93%
le
93%
ma
93%
est
90%
j'étais
90%
te
90%
tout
90%
un
90%
elle
88%
moche
88%
ou
88%
qui
88%
répond
88%
tribunal
88%
y'a
88%
blonde
85%
ce
85%
c'est
85%
connaît
85%
de
85%
en
85%
l'ambiance
85%
mais
85%
raison
85%
toujours
85%
comme
83%
et
83%
juste
83%
méchante
83%
mes
83%
que
83%
te-tê
83%
tu
83%
veux
83%
bien
80%
branle
80%
chansons
80%
moi
80%
pas
80%
pour
80%
avec
78%
bref
78%
d'animal
78%
deux
78%
digital
78%
fessier
78%
j'ai
78%
m'en
78%
nous
78%
place
78%
poser
78%
rentrer
78%
une
78%
vais
78%
copine
75%
corbillard
75%
même
75%
smart
75%
téma
75%
dis
73%
j'y
73%
ramène
73%
veut
73%
voyais
73%
y'avait
73%
chances
70%
chante
70%
contente
70%
crois
70%
non
70%
t'es
70%
tes
70%
viens
70%
dit
68%
on
68%
oui
68%
plus
68%
corner
65%
faire
65%
compliqué
63%
ne
63%
vibes
63%
peu
60%
peux
60%
qu'ensuite
58%
amour
55%
conditions
55%
jean
50%
qualité
50%
toutes
50%
wine
50%
mon
48%
sais
48%
crois-moi
45%
préfère
45%
faut
43%
fesses
43%
j'enlève
43%
m'appliquer
43%
paniquer
40%
sont
40%
descends
38%
si
38%
qualités
35%
m'impliquer
30%
bon
28%
ils
28%
sweat
28%
veulent
23%
maryjane
10%
dentité
0%
Aucun quiz correspondant
Distribution des résultats
% des personnes avec chaque résultat
Percentile par nombre de réponses
Votre historique - résultats
Vous n’avez pas pris ce quiz